| 000 | 00751nac a22002297a 4500 | ||
|---|---|---|---|
| 001 | BR7304336 | ||
| 003 | BR-BrBNA | ||
| 005 | 20240105113521.0 | ||
| 008 | 230509b bl.|||m| |||| 00| 0 por d | ||
| 040 |
_aBR-BrBNA _bpor _cBiblioteca Nacional de Agricultura |
||
| 072 | _aB50; E50 | ||
| 090 | _a9924 BR7304336 | ||
| 100 | 1 | _aCascudo, L. da C. | |
| 110 | 1 |
_aInstituto do Acucar e do Alcool, Rio de Janeiro, GB (Brasil) _96295 |
|
| 245 | 1 | _aPreludio da cachaca. Etnografia, historia e sociologia da aguardente no Brasil | |
| 260 | 3 |
_aRio de Janeiro, GB (Brasil): _c1968. |
|
| 300 | _a99 p. | ||
| 490 |
_aColecao Canavieira (Brazil) _vno. 1 _x |
||
| 650 | _aAGUARDENTE | ||
| 909 |
_a202312 _bLúcia Elande _c55 _dLúcia Elande |
||
| 942 |
_2AGRIS _n0 _cMS |
||
| 999 |
_c264182 _d264182 |
||